1008 1222 1932 1016 1997 1707 1393 1040 1213 1660 1194 1215 1530 1480 1398 1999 1099 1788 1207 1971 1455 1206 1726 1223 1893 1124 1325 1724 1140 1466 1479 1946 1685 1609 1537 1096 1258 1840 1550 1923 1948 1531 1387 1127 1459 1066 1056 1516 1745 1633 1705 1273 1032 1948 1176 1025 1918 1396 1811 1832 1116 1207 1911 1913 1849 1937 1274 1517 1322 1889 1334 1623 1470 1556 1543 1551 1286 1831 1481 1852 1289 1884 1997 1871 1865 1818 1674 1450 1461 1425 1393 1663 1734 1876 1237 1545 1514 1091 1830 BCNSPRNW ULIB Ver.6.0+V

เปลี่ยนเป็นภาษาไทย

Change to English
 แสดงรายละเอียดบรรณานุกรม
  กลับหน้าหลัก

Brief Record : Get Marc (ISO 2709) : E-mail record : QR code < ปิดหน้าต่าง
LEADER : 00000nam 2200000uu 4500
001    13399112066
003     ULIB
008    110627s2553||||th 000 0 tha d
020    9786169000983
090    นว.^bค953ส 2553
100 0  โคม รัตติกาล
245 00 สืบ/ค้น/วิญญาณ/^cโคม รัตติกาล
250    พิมพ์ครั้งที่ 1
260    กรุงเทพฯ :^bพิมพ์ใจ,^c2553
300    188 หน้า
710 1  พิมพ์ใจ
945    ^p139^l0^i028098
995    ทศพร
999 ^a ใช้งานได้ทุกระบบ
รายการนี้ยังไม่มีแท็ก
คุณยังไม่ได้ล็อกอิน คุณสามารถมีกิจกรรมร่วมกับเว็บไซต์ได้ แต่ต้องล็อกอินก่อน ::
  ล็อกอิน

รายการสื่อสารสนเทศ

ลำดับที่ ประเภท เลขเรียก/บาร์โค้ด สถานที่ สถานะ
- ไม่พบข้อมูล -

BibComment


ยังไม่เคยถูกคอมเมนท์

คอมเมนท์ทรัพยากรรายการนี้
  คอมเมนท์: สืบค้นวิญญาณ โคม ..


 Copyright 2026. Bcnsprnw @Library